[Event "Girls U20 Polish Youth Championship"]
[Site "Ustron"]
[Date "2019.11.24"]
[Round "2"]
[White "Goraj, Barbara"]
[Black "Antolak, Julia"]
[Result "0-1"]
[Board "1"]
[WhiteElo "2044"]
[WhiteTitle "WCM"]
[WhiteCountry "POL"]
[WhiteFideId "21816166"]
[WhiteEloChange "-5"]
[BlackElo "2249"]
[BlackTitle "WIM"]
[BlackCountry "POL"]
[BlackFideId "1159569"]
[BlackEloChange "5"]

1. e4 {[%clk 1:30:58]} c5 {[%clk 1:30:49]} 2. Nf3 {[%clk 1:31:21]} e6 {[%clk
1:31:10]} 3. d4 {[%clk 1:31:44]} cxd4 {[%clk 1:31:36]} 4. Nxd4 {[%clk 1:32:05]}
Nf6 {[%clk 1:32:00]} 5. Nc3 {[%clk 1:32:27]} d6 {[%clk 1:32:26]} 6. Be2 {[%clk
1:32:11]} Be7 {[%clk 1:32:24]} 7. O-O {[%clk 1:32:07]} a6 {[%clk 1:32:40]} 8. a4
{[%clk 1:30:04]} Nc6 {[%clk 1:32:36]} 9. Be3 {[%clk 1:25:03]} O-O {[%clk
1:32:31]} 10. f4 {[%clk 1:24:27]} Qc7 {[%clk 1:30:40]} 11. Kh1 {[%clk 1:24:30]}
Nxd4 {[%clk 1:29:45]} 12. Bxd4 {[%clk 1:18:28]} e5 {[%clk 1:25:41]} 13. Be3
{[%clk 1:02:14]} exf4 {[%clk 1:20:21]} 14. Rxf4 {[%clk 0:59:32]} Be6 {[%clk
1:18:52]} 15. Nd5 {[%clk 0:50:58]} Bxd5 {[%clk 1:18:12]} 16. exd5 {[%clk
0:51:21]} Nd7 {[%clk 1:15:34]} 17. Bd4 {[%clk 0:37:48]} Ne5 {[%clk 1:13:38]} 18.
c3 {[%clk 0:35:47]} g6 {[%clk 1:09:52]} 19. Qb3 {[%clk 0:30:05]} Rae8 {[%clk
0:56:38]} 20. Bb6 {[%clk 0:24:01]} Qc8 {[%clk 0:46:55]} 21. Rb4 {[%clk 0:20:01]}
Bg5 {[%clk 0:46:01]} 22. Bd4 {[%clk 0:18:19]} Re7 {[%clk 0:45:33]} 23. h3 {[%clk
0:15:03]} f5 {[%clk 0:40:43]} 24. Rd1 {[%clk 0:12:14]} Rfe8 {[%clk 0:34:30]} 25.
h4 {[%clk 0:06:24]} Bxh4 {[%clk 0:27:40]} 26. Bxe5 {[%clk 0:03:17]} Rxe5 {[%clk
0:28:03]} 27. Rxh4 {[%clk 0:02:55]} Rxe2 {[%clk 0:28:23]} 28. Qb6 {[%clk
0:00:54]} Qd7 {[%clk 0:28:02]} 29. Qd4 {[%clk 0:00:33]} Qe7 {[%clk 0:27:40]} 30.
b4 {[%clk 0:00:32]} Qg5 {[%clk 0:27:34]} 31. Rg1 {[%clk 0:00:35]} R8e4 {[%clk
0:27:32]} 0-1

[Event "Girls U20 Polish Youth Championship"]
[Site "Ustron"]
[Date "2019.11.24"]
[Round "2"]
[White "Kubicka, Anna"]
[Black "Adamczyk, Zuzanna"]
[Result "1-0"]
[Board "2"]
[WhiteElo "2221"]
[WhiteTitle "WIM"]
[WhiteCountry "POL"]
[WhiteFideId "1152254"]
[WhiteEloChange "4"]
[BlackElo "1992"]
[BlackCountry "POL"]
[BlackFideId "1187570"]
[BlackEloChange "-4"]

1. d4 {[%clk 1:30:57]} Nf6 {[%clk 1:30:23]} 2. c4 {[%clk 1:31:24]} e6 {[%clk
1:30:40]} 3. g3 {[%clk 1:31:50]} d5 {[%clk 1:30:26]} 4. Bg2 {[%clk 1:32:15]} Be7
{[%clk 1:30:22]} 5. Nf3 {[%clk 1:32:38]} O-O {[%clk 1:30:17]} 6. O-O {[%clk
1:33:03]} dxc4 {[%clk 1:30:19]} 7. Qc2 {[%clk 1:33:17]} a6 {[%clk 1:23:32]} 8. a4
{[%clk 1:33:20]} Bd7 {[%clk 1:22:45]} 9. Qxc4 {[%clk 1:32:04]} Bc6 {[%clk
1:21:10]} 10. Bg5 {[%clk 1:30:57]} Nbd7 {[%clk 1:13:02]} 11. Nc3 {[%clk 1:29:02]}
h6 {[%clk 1:09:30]} 12. Bf4 {[%clk 1:27:40]} Nb6 {[%clk 1:07:30]} 13. Qb3 {[%clk
1:16:09]} Nbd5 {[%clk 1:02:54]} 14. Bd2 {[%clk 1:09:34]} Nxc3 {[%clk 0:52:01]}
15. bxc3 {[%clk 1:09:53]} a5 {[%clk 0:50:05]} 16. Ne5 {[%clk 0:42:57]} Bxg2
{[%clk 0:47:47]} 17. Kxg2 {[%clk 0:43:25]} Qd5+ {[%clk 0:47:30]} 18. Qxd5 {[%clk
0:43:50]} exd5 {[%clk 0:47:12]} 19. Rab1 {[%clk 0:38:39]} Ne4 {[%clk 0:41:53]}
20. Rfd1 {[%clk 0:37:06]} Nd6 {[%clk 0:38:19]} 21. Bc1 {[%clk 0:36:32]} b6 {[%clk
0:36:33]} 22. Ba3 {[%clk 0:33:54]} Nc8 {[%clk 0:32:52]} 23. Bxe7 {[%clk 0:33:41]}
Nxe7 {[%clk 0:33:09]} 24. Rdc1 {[%clk 0:32:01]} f6 {[%clk 0:30:45]} 25. Nd3
{[%clk 0:32:06]} Rfe8 {[%clk 0:28:54]} 26. e3 {[%clk 0:31:22]} Rad8 {[%clk
0:25:03]} 27. c4 {[%clk 0:19:57]} dxc4 {[%clk 0:24:17]} 28. Rxc4 {[%clk 0:20:17]}
Nd5 {[%clk 0:24:02]} 29. Re1 {[%clk 0:13:54]} Re4 {[%clk 0:18:22]} 30. Nf4 {[%clk
0:11:03]} Nxf4+ {[%clk 0:12:25]} 31. gxf4 {[%clk 0:11:32]} c5 {[%clk 0:11:02]}
32. f3 {[%clk 0:10:59]} Re6 {[%clk 0:11:10]} 33. f5 {[%clk 0:06:43]} Rc6 {[%clk
0:09:25]} 34. Rec1 {[%clk 0:07:11]} Rdc8 {[%clk 0:08:06]} 35. e4 {[%clk 0:06:43]}
Kf7 {[%clk 0:07:29]} 36. f4 {[%clk 0:06:13]} g5 {[%clk 0:05:39]} 37. fxg6+ {[%clk
0:02:58]} Kxg6 {[%clk 0:05:57]} 38. Kf3 {[%clk 0:02:37]} f5 {[%clk 0:04:31]} 39.
e5 {[%clk 0:02:13]} Kf7 {[%clk 0:03:27]} 40. d5 {[%clk 0:30:47]} R6c7 {[%clk
0:30:47]} 41. Re1 {[%clk 0:20:38]} Re7 {[%clk 0:26:44]} 42. Rc2 {[%clk 0:17:11]}
c4 {[%clk 0:16:37]} 43. d6 {[%clk 0:16:55]} Re6 {[%clk 0:15:47]} 44. Rec1 {[%clk
0:17:19]} Rc5 {[%clk 0:15:21]} 45. Rxc4 {[%clk 0:17:18]} Rd5 {[%clk 0:15:44]} 46.
Rc7+ {[%clk 0:15:29]} Kg6 {[%clk 0:15:49]} 47. R1c6 {[%clk 0:14:12]} Rd4 {[%clk
0:13:36]} 48. d7 {[%clk 0:13:49]} Rxc6 {[%clk 0:13:41]} 49. Rxc6+ {[%clk
0:14:17]} Kf7 {[%clk 0:13:58]} 50. Rd6 {[%clk 0:14:31]} 1-0

[Event "Girls U20 Polish Youth Championship"]
[Site "Ustron"]
[Date "2019.11.24"]
[Round "2"]
[White "Cieslak, Wiktoria"]
[Black "Kiolbasa, Oliwia"]
[Result "1/2-1/2"]
[Board "3"]
[WhiteElo "2039"]
[WhiteCountry "POL"]
[WhiteFideId "1160036"]
[WhiteEloChange "5"]
[BlackElo "2208"]
[BlackTitle "WIM"]
[BlackCountry "POL"]
[BlackFideId "1154613"]
[BlackEloChange "-5"]

1. e4 {[%clk 1:30:57]} e5 {[%clk 1:30:51]} 2. Nf3 {[%clk 1:31:22]} Nc6 {[%clk
1:31:12]} 3. d4 {[%clk 1:31:47]} exd4 {[%clk 1:31:30]} 4. Bc4 {[%clk 1:32:14]}
Bc5 {[%clk 1:31:31]} 5. O-O {[%clk 1:32:30]} d6 {[%clk 1:31:27]} 6. c3 {[%clk
1:32:29]} Bg4 {[%clk 1:30:41]} 7. Qb3 {[%clk 1:32:48]} Bxf3 {[%clk 1:30:50]} 8.
Bxf7+ {[%clk 1:32:59]} Kf8 {[%clk 1:31:10]} 9. gxf3 {[%clk 1:33:08]} Nf6 {[%clk
1:31:11]} 10. Bc4 {[%clk 1:31:58]} Qe8 {[%clk 1:22:12]} 11. Re1 {[%clk 1:05:24]}
dxc3 {[%clk 1:11:57]} 12. Be3 {[%clk 0:59:51]} Ne5 {[%clk 0:59:19]} 13. Be2
{[%clk 0:49:02]} Bxe3 {[%clk 0:57:51]} 14. fxe3 {[%clk 0:49:15]} Qg6+ {[%clk
0:41:20]} 15. Kh1 {[%clk 0:48:55]} Nxe4 {[%clk 0:27:36]} 16. Rf1 {[%clk 0:46:05]}
Nc5 {[%clk 0:22:49]} 17. Qxc3 {[%clk 0:46:14]} Qf6 {[%clk 0:22:28]} 18. Nd2
{[%clk 0:44:54]} Nc6 {[%clk 0:18:49]} 19. Ne4 {[%clk 0:41:06]} Qxc3 {[%clk
0:18:59]} 20. Nxc3 {[%clk 0:41:32]} Ne7 {[%clk 0:12:00]} 21. b4 {[%clk 0:39:53]}
Ne6 {[%clk 0:10:33]} 22. Bc4 {[%clk 0:39:44]} Nd8 {[%clk 0:10:44]} 23. Rad1
{[%clk 0:35:31]} a6 {[%clk 0:08:56]} 24. e4 {[%clk 0:35:13]} Ndc6 {[%clk
0:06:37]} 25. a3 {[%clk 0:35:09]} Ne5 {[%clk 0:05:55]} 26. Be6 {[%clk 0:35:00]}
g5 {[%clk 0:05:04]} 27. f4 {[%clk 0:33:49]} gxf4 {[%clk 0:05:11]} 28. Rxf4+
{[%clk 0:34:14]} Ke8 {[%clk 0:03:55]} 29. Nd5 {[%clk 0:33:50]} Nxd5 {[%clk
0:04:05]} 30. exd5 {[%clk 0:34:14]} Ke7 {[%clk 0:00:58]} 31. Rg1 {[%clk 0:32:54]}
Raf8 {[%clk 0:01:22]} 32. Rg7+ {[%clk 0:32:40]} Kd8 {[%clk 0:01:50]} 33. Rxf8+
{[%clk 0:32:43]} Rxf8 {[%clk 0:02:16]} 34. Rxh7 {[%clk 0:33:05]} Rf3 {[%clk
0:00:49]} 35. Rh8+ {[%clk 0:32:27]} Ke7 {[%clk 0:01:17]} 36. Rh7+ {[%clk
0:32:51]} Kd8 {[%clk 0:01:38]} 37. Rh8+ {[%clk 0:28:43]} Ke7 {[%clk 0:02:03]} 38.
Rh7+ {[%clk 0:29:09]} Kd8 {[%clk 0:02:29]} 1/2-1/2

[Event "Girls U20 Polish Youth Championship"]
[Site "Ustron"]
[Date "2019.11.24"]
[Round "2"]
[White "Siekanska, Maria"]
[Black "Dwilewicz, Katarzyna"]
[Result "0-1"]
[Board "4"]
[WhiteElo "1773"]
[WhiteCountry "POL"]
[WhiteFideId "21852650"]
[WhiteEloChange "-3"]
[BlackElo "2100"]
[BlackTitle "WFM"]
[BlackCountry "POL"]
[BlackFideId "1148486"]
[BlackEloChange "3"]

1. d4 {[%clk 1:30:58]} d6 {[%clk 1:30:39]} 2. c4 {[%clk 1:30:53]} e5 {[%clk
1:30:38]} 3. d5 {[%clk 1:25:46]} f5 {[%clk 1:30:04]} 4. e4 {[%clk 1:23:31]} fxe4
{[%clk 1:30:24]} 5. Nc3 {[%clk 1:23:52]} Bf5 {[%clk 1:30:05]} 6. Nge2 {[%clk
1:23:29]} Nf6 {[%clk 1:29:35]} 7. Ng3 {[%clk 1:21:27]} Bg6 {[%clk 1:29:57]} 8.
Bg5 {[%clk 1:18:39]} Be7 {[%clk 1:29:02]} 9. h4 {[%clk 1:09:48]} h6 {[%clk
1:27:22]} 10. Bxf6 {[%clk 1:09:41]} Bxf6 {[%clk 1:27:41]} 11. h5 {[%clk 1:06:56]}
Bh7 {[%clk 1:27:19]} 12. Ngxe4 {[%clk 1:04:57]} O-O {[%clk 1:21:59]} 13. Bd3
{[%clk 1:02:42]} Nd7 {[%clk 1:21:07]} 14. Qe2 {[%clk 1:02:02]} Bg5 {[%clk
1:11:59]} 15. Kd1 {[%clk 0:44:54]} c6 {[%clk 1:02:55]} 16. Kc2 {[%clk 0:36:03]}
cxd5 {[%clk 0:46:10]} 17. Nxd5 {[%clk 0:34:38]} Rc8 {[%clk 0:37:37]} 18. Raf1
{[%clk 0:27:52]} Nc5 {[%clk 0:30:05]} 19. Nxc5 {[%clk 0:25:37]} Rxc5 {[%clk
0:30:11]} 20. Bxh7+ {[%clk 0:25:33]} Kxh7 {[%clk 0:30:31]} 21. Kb1 {[%clk
0:25:42]} Kh8 {[%clk 0:23:43]} 22. g3 {[%clk 0:19:18]} Re8 {[%clk 0:19:05]} 23.
Re1 {[%clk 0:15:53]} Bf6 {[%clk 0:03:49]} 24. Qg4 {[%clk 0:13:33]} Bg5 {[%clk
0:03:19]} 25. b3 {[%clk 0:11:25]} Qc8 {[%clk 0:02:22]} 26. Qxc8 {[%clk 0:11:14]}
Rexc8 {[%clk 0:01:36]} 27. f4 {[%clk 0:10:41]} Bf6 {[%clk 0:01:48]} 28. Rhf1
{[%clk 0:10:08]} b5 {[%clk 0:01:29]} 29. Nxf6 {[%clk 0:08:52]} gxf6 {[%clk
0:01:58]} 30. cxb5 {[%clk 0:08:42]} Kg7 {[%clk 0:01:59]} 31. fxe5 {[%clk
0:06:18]} fxe5 {[%clk 0:02:08]} 32. Rc1 {[%clk 0:06:17]} d5 {[%clk 0:01:17]} 33.
a4 {[%clk 0:04:26]} d4 {[%clk 0:00:59]} 34. Rxc5 {[%clk 0:01:05]} Rxc5 {[%clk
0:01:28]} 35. Rc1 {[%clk 0:01:34]} Rd5 {[%clk 0:01:56]} 36. Rc7+ {[%clk 0:01:11]}
Kf6 {[%clk 0:02:25]} 37. Rxa7 {[%clk 0:00:57]} d3 {[%clk 0:02:31]} 38. Kc1 {[%clk
0:00:53]} e4 {[%clk 0:02:02]} 39. Ra6+ {[%clk 0:00:39]} Kf5 {[%clk 0:01:44]} 40.
g4+ {[%clk 0:30:54]} Kxg4 {[%clk 0:30:38]} 41. Re6 {[%clk 0:28:33]} Rc5+ {[%clk
0:09:33]} 42. Kd1 {[%clk 0:27:54]} Kf3 {[%clk 0:09:56]} 43. b6 {[%clk 0:27:32]}
e3 {[%clk 0:04:29]} 44. b7 {[%clk 0:25:28]} Rxh5 {[%clk 0:03:45]} 45. Rf6+ {[%clk
0:23:14]} Ke4 {[%clk 0:03:49]} 46. Re6+ {[%clk 0:22:41]} Kd4 {[%clk 0:03:31]} 47.
Rd6+ {[%clk 0:21:24]} Kc3 {[%clk 0:03:36]} 48. Rxd3+ {[%clk 0:21:48]} Kxd3 {[%clk
0:03:50]} 49. Kc1 {[%clk 0:22:13]} e2 {[%clk 0:02:43]} 50. b8Q {[%clk 0:22:36]}
e1Q+ {[%clk 0:03:08]} 51. Kb2 {[%clk 0:23:02]} Qe5+ {[%clk 0:02:29]} 0-1

[Event "Girls U20 Polish Youth Championship"]
[Site "Ustron"]
[Date "2019.11.24"]
[Round "2"]
[White "Dylag, Emilia"]
[Black "Malicka, Maria"]
[Result "1-0"]
[Board "5"]
[WhiteElo "2046"]
[WhiteCountry "POL"]
[WhiteFideId "21805172"]
[WhiteEloChange "12"]
[BlackElo "2104"]
[BlackTitle "WCM"]
[BlackCountry "POL"]
[BlackFideId "1197576"]
[BlackEloChange "-12"]

1. Nf3 {[%clk 1:30:21]} Nf6 {[%clk 1:30:55]} 2. g3 {[%clk 1:30:33]} b5 {[%clk
1:31:14]} 3. Bg2 {[%clk 1:30:49]} Bb7 {[%clk 1:31:36]} 4. d3 {[%clk 1:30:55]} e6
{[%clk 1:31:29]} 5. e4 {[%clk 1:30:40]} d6 {[%clk 1:30:13]} 6. O-O {[%clk
1:29:59]} Be7 {[%clk 1:30:09]} 7. Nc3 {[%clk 1:27:24]} b4 {[%clk 1:30:08]} 8. Ne2
{[%clk 1:27:45]} O-O {[%clk 1:29:36]} 9. Ne1 {[%clk 1:25:16]} c5 {[%clk 1:18:06]}
10. b3 {[%clk 1:21:45]} Nc6 {[%clk 1:17:24]} 11. f4 {[%clk 1:20:51]} Nd7 {[%clk
1:13:41]} 12. Nf3 {[%clk 1:15:01]} Bf6 {[%clk 1:09:49]} 13. Rb1 {[%clk 1:15:06]}
a5 {[%clk 1:10:08]} 14. g4 {[%clk 1:13:09]} a4 {[%clk 1:03:37]} 15. g5 {[%clk
1:05:25]} Bd4+ {[%clk 1:01:01]} 16. Nexd4 {[%clk 1:02:35]} Nxd4 {[%clk 0:58:16]}
17. Nxd4 {[%clk 1:00:41]} cxd4 {[%clk 0:58:40]} 18. Bd2 {[%clk 0:58:36]} axb3
{[%clk 0:57:33]} 19. Rxb3 {[%clk 0:55:47]} Rxa2 {[%clk 0:55:22]} 20. Qb1 {[%clk
0:47:38]} Qa8 {[%clk 0:47:10]} 21. Bxb4 {[%clk 0:37:42]} Rc8 {[%clk 0:44:23]} 22.
Rb2 {[%clk 0:33:11]} Ra6 {[%clk 0:35:36]} 23. Bxd6 {[%clk 0:29:12]} Bc6 {[%clk
0:33:56]} 24. Qe1 {[%clk 0:17:01]} Qa7 {[%clk 0:29:07]} 25. f5 {[%clk 0:12:18]}
exf5 {[%clk 0:25:05]} 26. Rxf5 {[%clk 0:12:06]} Bxe4 {[%clk 0:13:36]} 27. Qxe4
{[%clk 0:10:18]} Rxd6 {[%clk 0:14:00]} 28. Rb7 {[%clk 0:09:53]} Qa3 {[%clk
0:07:42]} 29. Rf1 {[%clk 0:05:41]} Qa2 {[%clk 0:03:42]} 30. Qe7 {[%clk 0:03:48]}
Qe6 {[%clk 0:03:10]} 31. Rxf7 {[%clk 0:02:11]} Qxe7 {[%clk 0:01:29]} 32. Rxe7
{[%clk 0:02:36]} Nf8 {[%clk 0:01:52]} 33. Rxg7+ {[%clk 0:02:28]} Kh8 {[%clk
0:02:21]} 34. Be4 {[%clk 0:02:11]} Rb6 {[%clk 0:01:05]} 35. Bd5 {[%clk 0:00:43]}
Rb1+ {[%clk 0:01:23]} 36. Kg2 {[%clk 0:00:55]} Rxc2+ {[%clk 0:01:27]} 37. Kh3
{[%clk 0:01:19]} 1-0

[Event "Girls U20 Polish Youth Championship"]
[Site "Ustron"]
[Date "2019.11.24"]
[Round "2"]
[White "Mirowska, Oliwia"]
[Black "Stochnialek, Dominika"]
[Result "0-1"]
[Board "6"]
[WhiteElo "1925"]
[WhiteCountry "POL"]
[WhiteFideId "21807574"]
[WhiteEloChange "-14"]
[BlackElo "1768"]
[BlackCountry "POL"]
[BlackFideId "1165402"]
[BlackEloChange "14"]

1. c4 {[%clk 1:30:51]} e5 {[%clk 1:30:46]} 2. Nc3 {[%clk 1:31:09]} Nf6 {[%clk
1:31:05]} 3. g3 {[%clk 1:31:22]} d5 {[%clk 1:31:24]} 4. cxd5 {[%clk 1:31:42]}
Nxd5 {[%clk 1:31:49]} 5. Bg2 {[%clk 1:32:00]} Nb6 {[%clk 1:32:12]} 6. Nf3 {[%clk
1:31:37]} Nc6 {[%clk 1:32:31]} 7. O-O {[%clk 1:31:49]} Be7 {[%clk 1:32:40]} 8. d3
{[%clk 1:31:54]} O-O {[%clk 1:32:24]} 9. Bd2 {[%clk 1:29:43]} Be6 {[%clk
1:25:52]} 10. Rc1 {[%clk 1:28:29]} f6 {[%clk 1:20:52]} 11. Ne1 {[%clk 1:24:56]}
Qd7 {[%clk 1:15:52]} 12. Nc2 {[%clk 1:20:37]} Rad8 {[%clk 1:12:10]} 13. Be3
{[%clk 1:09:45]} Nd5 {[%clk 1:07:12]} 14. Nxd5 {[%clk 1:08:13]} Bxd5 {[%clk
1:07:32]} 15. Bxd5+ {[%clk 1:08:33]} Qxd5 {[%clk 1:07:54]} 16. b3 {[%clk
1:06:51]} f5 {[%clk 1:02:55]} 17. f4 {[%clk 0:54:41]} e4 {[%clk 0:52:42]} 18. Ne1
{[%clk 0:46:36]} Rd7 {[%clk 0:32:35]} 19. Rc2 {[%clk 0:18:01]} Rfd8 {[%clk
0:23:08]} 20. Qc1 {[%clk 0:16:18]} Bf6 {[%clk 0:19:37]} 21. Rc5 {[%clk 0:12:31]}
Qe6 {[%clk 0:18:01]} 22. Qc4 {[%clk 0:12:20]} Qxc4 {[%clk 0:18:06]} 23. Rxc4
{[%clk 0:12:23]} Bd4 {[%clk 0:15:52]} 24. Bxd4 {[%clk 0:10:10]} Rxd4 {[%clk
0:16:11]} 25. Rxd4 {[%clk 0:09:25]} Nxd4 {[%clk 0:11:56]} 26. e3 {[%clk 0:07:40]}
Ne2+ {[%clk 0:09:40]} 27. Kf2 {[%clk 0:07:41]} exd3 {[%clk 0:09:58]} 28. Nxd3
{[%clk 0:07:58]} Nxg3 {[%clk 0:10:06]} 29. hxg3 {[%clk 0:07:44]} Rxd3 {[%clk
0:10:35]} 30. Ke2 {[%clk 0:08:03]} Rd5 {[%clk 0:07:24]} 31. Rc1 {[%clk 0:08:00]}
c6 {[%clk 0:07:45]} 32. Rc2 {[%clk 0:07:59]} Kf7 {[%clk 0:07:57]} 33. Kf3 {[%clk
0:08:11]} h5 {[%clk 0:06:12]} 34. e4 {[%clk 0:07:39]} Rd3+ {[%clk 0:05:31]} 35.
Kf2 {[%clk 0:07:10]} fxe4 {[%clk 0:05:51]} 36. Re2 {[%clk 0:07:36]} e3+ {[%clk
0:04:02]} 37. Kf3 {[%clk 0:07:31]} Rd2 {[%clk 0:02:44]} 38. Rxe3 {[%clk 0:07:48]}
Rxa2 {[%clk 0:03:12]} 39. Ke4 {[%clk 0:07:47]} Ra5 {[%clk 0:03:02]} 40. Rd3
{[%clk 0:35:57]} Ke7 {[%clk 0:31:54]} 41. f5 {[%clk 0:34:10]} Rd5 {[%clk
0:26:44]} 42. Rxd5 {[%clk 0:27:58]} cxd5+ {[%clk 0:27:12]} 43. Kxd5 {[%clk
0:28:15]} Kf6 {[%clk 0:27:31]} 44. Ke4 {[%clk 0:28:39]} a5 {[%clk 0:26:33]} 0-1

[Event "Girls U20 Polish Youth Championship"]
[Site "Ustron"]
[Date "2019.11.24"]
[Round "2"]
[White "Pawicka, Magdalena"]
[Black "Kulpa, Zuzanna"]
[Result "0-1"]
[Board "7"]
[WhiteElo "1745"]
[WhiteCountry "POL"]
[WhiteFideId "21836507"]
[WhiteEloChange "-6"]
[BlackElo "1878"]
[BlackCountry "POL"]
[BlackFideId "1195093"]
[BlackEloChange "6"]

1. e4 {[%clk 1:30:58]} c5 {[%clk 1:30:52]} 2. Nf3 {[%clk 1:31:13]} d6 {[%clk
1:31:16]} 3. d4 {[%clk 1:31:37]} cxd4 {[%clk 1:31:40]} 4. Nxd4 {[%clk 1:31:59]}
Nf6 {[%clk 1:32:04]} 5. Nc3 {[%clk 1:32:15]} a6 {[%clk 1:32:26]} 6. Be3 {[%clk
1:31:29]} e5 {[%clk 1:32:43]} 7. Nb3 {[%clk 1:31:52]} Be6 {[%clk 1:33:03]} 8. f3
{[%clk 1:30:19]} Be7 {[%clk 1:33:00]} 9. Qd2 {[%clk 1:29:40]} O-O {[%clk
1:32:41]} 10. O-O-O {[%clk 1:28:39]} Nbd7 {[%clk 1:33:00]} 11. g4 {[%clk
1:27:52]} b5 {[%clk 1:33:19]} 12. g5 {[%clk 1:17:55]} b4 {[%clk 1:33:25]} 13.
gxf6 {[%clk 1:06:09]} bxc3 {[%clk 1:33:42]} 14. Qxc3 {[%clk 1:06:05]} Nxf6 {[%clk
1:33:50]} 15. Na5 {[%clk 1:00:20]} Rc8 {[%clk 1:26:59]} 16. Nc6 {[%clk 0:58:15]}
Qd7 {[%clk 1:26:40]} 17. Nxe7+ {[%clk 0:57:45]} Qxe7 {[%clk 1:27:02]} 18. Qa3
{[%clk 0:52:55]} Rc6 {[%clk 1:22:47]} 19. Bd3 {[%clk 0:49:15]} Qc7 {[%clk
1:17:23]} 20. Rhg1 {[%clk 0:44:57]} Rc8 {[%clk 1:13:49]} 21. Rd2 {[%clk 0:42:56]}
Kh8 {[%clk 1:08:11]} 22. Kb1 {[%clk 0:41:05]} Rb8 {[%clk 1:05:31]} 23. Ka1 {[%clk
0:38:25]} d5 {[%clk 0:57:38]} 24. Bg5 {[%clk 0:32:40]} Qb6 {[%clk 0:52:44]} 25.
Re1 {[%clk 0:30:29]} d4 {[%clk 0:45:24]} 26. f4 {[%clk 0:26:28]} Rc5 {[%clk
0:42:58]} 27. b3 {[%clk 0:25:44]} Ne8 {[%clk 0:34:20]} 28. f5 {[%clk 0:18:18]}
Bc8 {[%clk 0:30:32]} 29. Bd8 {[%clk 0:13:43]} Qd6 {[%clk 0:19:35]} 30. Ba5 {[%clk
0:12:54]} Rc6 {[%clk 0:19:30]} 31. Kb2 {[%clk 0:09:12]} Bd7 {[%clk 0:16:28]} 32.
Qxd6 {[%clk 0:08:11]} Nxd6 {[%clk 0:16:43]} 33. a3 {[%clk 0:07:46]} Nb7 {[%clk
0:15:02]} 34. Bb4 {[%clk 0:07:38]} a5 {[%clk 0:14:34]} 35. Be7 {[%clk 0:07:53]}
f6 {[%clk 0:14:33]} 36. a4 {[%clk 0:07:00]} Rc3 {[%clk 0:09:43]} 37. Kc1 {[%clk
0:03:37]} Bxa4 {[%clk 0:03:20]} 38. bxa4 {[%clk 0:03:29]} Re8 {[%clk 0:03:46]}
39. Bxf6 {[%clk 0:02:18]} gxf6 {[%clk 0:04:12]} 40. Rg2 {[%clk 0:31:18]} Nc5
{[%clk 0:31:48]} 41. Bb5 {[%clk 0:31:43]} Rc8 {[%clk 0:31:43]} 42. Reg1 {[%clk
0:29:50]} d3 {[%clk 0:27:09]} 43. Kb2 {[%clk 0:24:53]} Rxc2+ {[%clk 0:26:00]} 44.
Rxc2 {[%clk 0:25:08]} dxc2 {[%clk 0:26:26]} 45. Kxc2 {[%clk 0:24:59]} Nxe4+
{[%clk 0:25:13]} 46. Kd3 {[%clk 0:25:16]} Nd6 {[%clk 0:22:55]} 47. Rf1 {[%clk
0:23:50]} Rg8 {[%clk 0:19:21]} 48. Rf2 {[%clk 0:23:46]} Rg4 {[%clk 0:18:05]} 49.
Bd7 {[%clk 0:23:26]} Rd4+ {[%clk 0:17:37]} 50. Kc2 {[%clk 0:22:45]} Ne4 {[%clk
0:14:09]} 51. Re2 {[%clk 0:22:58]} Nc5 {[%clk 0:14:12]} 52. Be6 {[%clk 0:22:20]}
Nxe6 {[%clk 0:12:47]} 53. fxe6 {[%clk 0:22:45]} Rd6 {[%clk 0:12:25]} 54. Kc3
{[%clk 0:22:38]} Rxe6 {[%clk 0:12:47]} 55. Kc4 {[%clk 0:23:05]} Kg7 {[%clk
0:08:47]} 56. Kb5 {[%clk 0:23:25]} f5 {[%clk 0:09:12]} 57. Kxa5 {[%clk 0:23:47]}
f4 {[%clk 0:09:31]} 58. Kb4 {[%clk 0:23:36]} f3 {[%clk 0:08:37]} 59. Re1 {[%clk
0:23:12]} e4 {[%clk 0:08:55]} 60. a5 {[%clk 0:23:14]} f2 {[%clk 0:09:10]} 0-1

[Event "Girls U20 Polish Youth Championship"]
[Site "Ustron"]
[Date "2019.11.24"]
[Round "2"]
[White "Szczotka, Klara"]
[Black "Siekanska, Zuzanna"]
[Result "1-0"]
[Board "8"]
[WhiteElo "1781"]
[WhiteCountry "POL"]
[WhiteFideId "21858845"]
[WhiteEloChange "8"]
[BlackElo "1723"]
[BlackCountry "POL"]
[BlackFideId "21852537"]
[BlackEloChange "-8"]

1. e4 {[%clk 1:30:58]} e5 {[%clk 1:30:40]} 2. Nf3 {[%clk 1:31:23]} Nc6 {[%clk
1:30:51]} 3. Bc4 {[%clk 1:31:35]} Nf6 {[%clk 1:30:34]} 4. d3 {[%clk 1:31:34]} Be7
{[%clk 1:28:22]} 5. c3 {[%clk 1:31:20]} O-O {[%clk 1:27:05]} 6. Nbd2 {[%clk
1:30:03]} d5 {[%clk 1:23:04]} 7. exd5 {[%clk 1:28:36]} Nxd5 {[%clk 1:23:14]} 8.
Ne4 {[%clk 1:28:48]} Nf4 {[%clk 1:13:50]} 9. Bxf4 {[%clk 1:22:33]} exf4 {[%clk
1:14:10]} 10. Bb3 {[%clk 1:22:08]} Bg4 {[%clk 1:13:52]} 11. d4 {[%clk 1:18:47]}
Kh8 {[%clk 1:13:10]} 12. O-O {[%clk 1:17:42]} f5 {[%clk 1:10:48]} 13. Ned2 {[%clk
1:17:41]} Rf6 {[%clk 1:07:49]} 14. h3 {[%clk 1:14:49]} Bh5 {[%clk 1:07:10]} 15.
Qc2 {[%clk 1:13:58]} Na5 {[%clk 1:03:51]} 16. Ba4 {[%clk 1:09:36]} Qd5 {[%clk
0:59:29]} 17. Rfe1 {[%clk 1:05:48]} Bd6 {[%clk 0:54:02]} 18. b4 {[%clk 0:59:39]}
Nc4 {[%clk 0:47:26]} 19. Bb3 {[%clk 0:56:29]} b5 {[%clk 0:44:23]} 20. a4 {[%clk
0:49:15]} c6 {[%clk 0:43:43]} 21. axb5 {[%clk 0:44:28]} cxb5 {[%clk 0:43:51]} 22.
Ra5 {[%clk 0:40:55]} Qc6 {[%clk 0:43:03]} 23. Bxc4 {[%clk 0:39:42]} bxc4 {[%clk
0:43:23]} 24. Qa2 {[%clk 0:39:34]} Qc7 {[%clk 0:34:45]} 25. Ra1 {[%clk 0:36:00]}
Rf7 {[%clk 0:30:13]} 26. Ne5 {[%clk 0:28:30]} Bxe5 {[%clk 0:26:11]} 27. Rxe5
{[%clk 0:28:50]} h6 {[%clk 0:23:43]} 28. Qxc4 {[%clk 0:26:58]} Qxc4 {[%clk
0:23:48]} 29. Nxc4 {[%clk 0:27:24]} Rf6 {[%clk 0:22:52]} 30. Rc5 {[%clk 0:26:47]}
Be2 {[%clk 0:20:46]} 31. Ne5 {[%clk 0:25:59]} g5 {[%clk 0:19:35]} 32. Ra2 {[%clk
0:25:31]} Bd1 {[%clk 0:18:56]} 33. Raa5 {[%clk 0:23:49]} g4 {[%clk 0:17:54]} 34.
h4 {[%clk 0:19:48]} g3 {[%clk 0:16:52]} 35. Nd3 {[%clk 0:16:16]} Re6 {[%clk
0:13:39]} 36. Re5 {[%clk 0:16:29]} Rc6 {[%clk 0:13:13]} 37. Rac5 {[%clk 0:16:26]}
Ra6 {[%clk 0:13:25]} 38. Ra5 {[%clk 0:12:04]} Rc6 {[%clk 0:13:42]} 39. Nc5 {[%clk
0:12:19]} Bc2 {[%clk 0:12:16]} 40. f3 {[%clk 0:40:32]} Kg8 {[%clk 0:40:55]} 41.
Kf1 {[%clk 0:40:49]} Kf7 {[%clk 0:41:16]} 42. Ke2 {[%clk 0:41:04]} Rf6 {[%clk
0:33:30]} 43. Ra2 {[%clk 0:38:49]} a5 {[%clk 0:26:38]} 44. Rxc2 {[%clk 0:38:05]}
axb4 {[%clk 0:25:47]} 45. cxb4 {[%clk 0:38:30]} Ra1 {[%clk 0:26:10]} 46. Nd3
{[%clk 0:37:59]} Rh1 {[%clk 0:25:29]} 47. Nxf4 {[%clk 0:38:07]} Rxh4 {[%clk
0:25:51]} 48. Ke3 {[%clk 0:38:27]} 1-0